Fußball: Alle Vereine der 4 höchsten deutschen Spielklassen 2025/26 - Statistiken

Allgemein
  • Dieses Quiz wurde 1.427 mal gespielt
  • Das Durchschnittsergebnis liegt bei 90 aus 146
Antwortstatistiken
% Korrekt
Bayern München
98%
Bayern München II
98%
Borussia Dortmund
98%
Borussia Dortmund II
98%
Hamburger SV
94%
Hamburger SV II
94%
Union Berlin
94%
1. FC Köln
93%
1. FC Köln II
93%
Bayer Leverkusen
93%
Eintracht Frankfurt
93%
RB Leipzig
93%
SC Freiburg
93%
SC Freiburg II
93%
VfB Stuttgart
93%
Borussia M'gladbach II
92%
Borussia Mönchengladbach
92%
Hertha BSC
92%
Hertha BSC II
92%
TSG Hoffenheim
92%
TSG Hoffenheim II
92%
VfB Stuttgart II
92%
VfL Wolfsburg
92%
Werder Bremen
92%
Werder Bremen II
92%
1. FC Heidenheim
91%
FC Augsburg
91%
FC Augsburg II
91%
FC Schalke 04
91%
FC Schalke 04 II
91%
FC St. Pauli
91%
FC St. Pauli II
91%
Dynamo Dresden
90%
1. FC Nürnberg
88%
1. FC Nürnberg II
88%
FSV Mainz 05
88%
FSV Mainz 05 II
88%
Holstein Kiel
88%
Hannover 96
86%
VfL Bochum
86%
VfL Bochum II
86%
1. FC Kaiserslautern
85%
Hannover 96 II
85%
1. FC Magdeburg
84%
1. FC Magdeburg II
84%
Arminia Bielefeld
84%
Eintracht Braunschweig
84%
Fortuna Düsseldorf
83%
Fortuna Düsseldorf II
83%
Rot-Weiss Essen
83%
Hansa Rostock
82%
SV Elversberg
82%
TSV 1860 München
82%
Karlsruher SC
81%
MSV Duisburg
81%
SpVgg Greuther Fürth
81%
SpVgg Greuther Fürth II
81%
Alemannia Aachen
80%
1. FC Saarbrücken
79%
Energie Cottbus
79%
Preußen Münster
79%
SC Paderborn
79%
SC Paderborn II
79%
SV Darmstadt 98
79%
SSV Ulm
78%
Waldhof Mannheim
74%
Jahn Regensburg
73%
Lokomotive Leipzig
73%
Rot-Weiß Erfurt
73%
FC Ingolstadt 04
72%
VfL Osnabrück
72%
Carl Zeiss Jena
69%
Erzgebirge Aue
69%
SV Wehen Wiesbaden
68%
Viktoria Köln
68%
Chemie Leipzig
65%
1. FC Schweinfurt 05
64%
Hallescher FC
63%
Stuttgarter Kickers
63%
Kickers Offenbach
61%
SC Verl
61%
Chemnitzer FC
60%
SpVgg Unterhaching
59%
Fortuna Köln
57%
TSV Havelse
57%
Würzburger Kickers
56%
Rot-Weiß Oberhausen
55%
FSV Frankfurt
54%
VfB Oldenburg
52%
FSV Zwickau
51%
Wuppertaler SV
50%
Bonner SC
49%
Eintracht Trier
49%
KSV Hessen Kassel
48%
SpVgg Bayreuth
48%
BFC Dynamo
47%
SV Sandhausen
47%
Weiche Flensburg
47%
FC 08 Homburg
44%
VfB Lübeck
44%
SV Meppen
43%
Kickers Emden
38%
Schott Mainz
38%
Greifswalder FC
37%
Sportfreunde Siegen
37%
Viktoria Aschaffenburg
37%
FC Gütersloh
36%
SV Babelsberg
36%
Bremer SV
35%
Sportfreunde Lotte
35%
Phönix Lübeck
32%
Sonnenhof Großaspach
32%
FV Illertissen
31%
Altona 93
30%
Wacker Burghausen
30%
ZFC Meuselwitz
30%
SGV Freiberg
29%
Barockstadt Fulda-Lehnerz
28%
1. FC Bocholt
27%
SSV Jeddeloh II
27%
Eintracht Norderstedt
26%
Hertha 03 Zehlendorf
26%
VSG Altglienicke
26%
SC Wiedenbrück
25%
SV Rödinghausen
25%
Bahlinger SC
23%
FC Memmingen
23%
Schwaben Augsburg
23%
TSG Balingen
23%
SV Drochtersen/Assel
22%
Bayern Alzenau
21%
FSV 63 Luckenwalde
21%
SpVgg Ansbach
21%
Blau-Weiß Lohne
19%
FC Eilenburg
19%
BFC Preussen
18%
FC-Astoria Walldorf
18%
SSVg Velbert
18%
TSV Steinbach Haiger
18%
VfB Eichstätt
18%
HSC Hannover
17%
DJK Vilzing
16%
TSV Buchbach
16%
TSV Aubstadt
15%
FSV Schöningen
14%
SpVgg Hankofen-Hailing
12%
Keine übereinstimmenden Quizze gefunden
Verteilung der Resultate
Anzahl Personen mit jedem Resultat
Perzentil nach korrekt beantworteten Fragen
Ihre Resultats-Entwicklung
Sie haben dieses Quiz noch nicht gespielt